| 000 | 00340nam a2200133Ia 4500 | ||
|---|---|---|---|
| 008 | 230312s9999||||xx |||||||||||||| ||und|| | ||
| 082 |
_a612 _bALL-A |
||
| 100 | _aAllen ,Loyd .V | ||
| 245 | 0 | _aAnsels Pharmaceutical Dosage Forms and Drug Delivery System | |
| 300 | _a738 | ||
| 546 | _aEng. | ||
| 650 |
_aPharmacy _vPharmaceutics |
||
| 942 | _cBK | ||
| 999 |
_c2854 _d2854 |
||